000 00287cam a22001097a 4500
008 180718b1996 xxu||||| |||| 00| 0 eng d
100 _aRai, Lala Lajpat
245 _aDukhi bharat
_cby Lala Lajpat Rai
260 _aNew Delhi
_bBajrang Prakashan
_c1996
300 _a406p.
650 _aBharat
999 _c439214
_d439214